[Event "SC-2014-0-00217"]
[Site "LSS email"]
[Date "2014.02.24"]
[Round "?"]
[White "Michos, Dionyssios"]
[Black "Eichner, Dieter"]
[Result "1/2-1/2"]
[WhiteElo "1785"]
[BlackElo "1991"]
[PlyCount "99"]
[EventDate "2014.01.27"]
[EventType "tourn (corr)"]
[EventRounds "6"]
[EventCountry "GER"]
[SourceTitle "Corr 2015"]
[Source "ChessBase"]
[SourceDate "2015.07.17"]
[SourceVersion "1"]
[SourceVersionDate "2015.07.17"]
[SourceQuality "1"]

1. d4 d5 2. Nf3 Nf6 3. c4 c6 4. e3 e6 5. Bd3 dxc4 6. Bxc4 c5 7. 0-0 a6 8. dxc5 Qxd1 9. Rxd1 Bxc5 10. b3 Nbd7 11. Bb2 Ke7 12. Be2 b5 13. a4 bxa4 14. Rxa4 Bb7 15. Nbd2 Rhb8 16. Rda1 Nb6 17. R4a2 Nbd5 18. Ne5 Bb4 19. Bxa6 Bxd2 20. Ba3+ Nb4 21. Rxd2 Rxa6 22. Bxb4+ Ke8 23. Rxa6 Bxa6 24. Ra2 Nd7 25. Nxd7 Rxb4 26. Nc5 Bb7 27. Nxb7 Rxb7 28. Ra3 Ke7 29. Kf1 g5 30. Ke2 h5 31. Kd3 f5 32. e4 h4 33. exf5 exf5 34. g3 h3 35. Kd4 Kf7 36. f3 Kf6 37. Ra6+ Kf7 38. Kc3 Re7 39. Kd2 Rb7 40. Kc2 Rc7+ 41. Kb2 Rd7 42. Rc6 Rd2+ 43. Rc2 Rd3 44. b4 Rxf3 45. b5 Rd3 46. b6 Rd6 47. Rc7+ Ke6 48. b7 Rb6+ 49. Kc3 g4 50. Kd4 1/2-1/2

[Event "SC-2014-0-00217"]
[Site "LSS email"]
[Date "2014.02.23"]
[Round "?"]
[White "Michos, Dionyssios"]
[Black "Crapulli, Giuseppe"]
[Result "1-0"]
[WhiteElo "1785"]
[BlackElo "1725"]
[PlyCount "39"]
[EventDate "2014.01.27"]
[EventType "tourn (corr)"]
[EventRounds "6"]
[EventCountry "GER"]
[SourceTitle "Corr 2015"]
[Source "ChessBase"]
[SourceDate "2015.07.17"]
[SourceVersion "1"]
[SourceVersionDate "2015.07.17"]
[SourceQuality "1"]

1. e4 c5 2. Nc3 e6 3. Nf3 a6 4. Be2 Nc6 5. d4 cxd4 6. Nxd4 Qc7 7. Qd3 Nf6 8. Nxc6 bxc6 9. Qg3 Qxg3 10. hxg3 d5 11. Be3 Nxe4 12. Nxe4 dxe4 13. Rh4 Be7 14. Rxe4 Bb7 15. 0-0-0 c5 16. Ra4 0-0 17. Ra5 Bxg2 18. Bxc5 Bxc5 19. Rxc5 Bd5 20. Ra5 1-0

[Event "SC-2014-0-00217"]
[Site "LSS email"]
[Date "2014.02.23"]
[Round "?"]
[White "Susla, Vitaliy"]
[Black "Michos, Dionyssios"]
[Result "1-0"]
[WhiteElo "2161"]
[BlackElo "1785"]
[PlyCount "88"]
[EventDate "2014.01.27"]
[EventType "tourn (corr)"]
[EventRounds "6"]
[EventCountry "GER"]
[SourceTitle "Corr 2015"]
[Source "ChessBase"]
[SourceDate "2015.07.17"]
[SourceVersion "1"]
[SourceVersionDate "2015.07.17"]
[SourceQuality "1"]

1. d4 Nf6 2. c4 e6 3. Nf3 d5 4. Nc3 Bb4 5. Bg5 dxc4 6. e4 c5 7. Bxc4 cxd4 8. Nxd4 Qa5 9. Bd2 Qc5 10. Bb5+ Bd7 11. Nb3 Qc7 12. 0-0 0-0 13. Bd3 Rd8 14. Qe2 Nc6 15. Rac1 Be8 16. Rfd1 Ng4 17. g3 Qb6 18. Bb1 Nce5 19. Kg2 a5 20. h3 a4 21. hxg4 axb3 22. axb3 Qa5 23. g5 Bc6 24. Be3 Rxd1 25. Rxd1 Rc8 26. f4 Nd7 27. Bd4 Re8 28. Qf3 Bc5 29. Ne2 e5 30. Bc3 Bb4 31. f5 Qb6 32. Bc2 Bc5 33. Ng1 g6 34. Nh3 Be7 35. Rh1 Bb5 36. g4 Rd8 37. Qg3 Be2 38. Qe1 Bxg4 39. Nf2 Bh5 40. Ba5 Qc6 41. Bxd8 Bxd8 42. Qd2 Bb6 43. Rc1 gxf5 44. Bd1 Bxd1 1-0

[Event "SC-2013-0-00203"]
[Site "LSS email"]
[Date "2013.11.21"]
[Round "?"]
[White "Michos, Dionyssios"]
[Black "Kobryn, Krystian"]
[Result "1/2-1/2"]
[WhiteElo "1778"]
[BlackElo "1614"]
[PlyCount "105"]
[EventDate "2013.10.23"]
[EventType "tourn (corr)"]
[EventRounds "6"]
[EventCountry "GER"]
[SourceTitle "Corr 2015"]
[Source "ChessBase"]
[SourceDate "2015.07.17"]
[SourceVersion "1"]
[SourceVersionDate "2015.07.17"]
[SourceQuality "1"]

1. d4 d5 2. Bg5 Nf6 3. e3 c5 4. Nc3 e6 5. Nf3 Nc6 6. Bb5 Bd7 7. 0-0 a6 8. Bxc6 Bxc6 9. Ne5 h6 10. Bh4 Be7 11. f4 Nd7 12. Bxe7 Qxe7 13. Nxd7 Bxd7 14. f5 Rd8 15. Rf2 cxd4 16. exd4 Qg5 17. fxe6 Bxe6 18. Re2 0-0 19. Re5 Qe7 20. Na4 b6 21. Qd2 Qd6 22. Nc3 Rc8 23. a3 b5 24. Re3 Qd7 25. Rf1 Rfe8 26. Rg3 Kh7 27. Rgf3 f6 28. R3f2 Bf7 29. Ne2 Bg6 30. c3 Re7 31. Nc1 a5 32. Nb3 a4 33. Nc5 Qe8 34. Qd1 Kh8 35. Qf3 Bh5 36. g4 Re3 37. Qg2 Bg6 38. Rf3 Re2 39. R1f2 Re7 40. Qg3 Bb1 41. h3 Kh7 42. Kh2 Rc6 43. Qf4 Rc8 44. Nd3 Bxd3 45. Rxd3 Kg8 46. Qf5 Qc6 47. Kg2 Rce8 48. h4 Re2 49. Rdf3 R8e6 50. g5 fxg5 51. hxg5 Rxf2+ 52. Kxf2 hxg5 53. Qxg5 1/2-1/2

[Event "SC-2013-0-00203"]
[Site "LSS email"]
[Date "2013.11.20"]
[Round "?"]
[White "Michos, Dionyssios"]
[Black "Crapulli, Giuseppe"]
[Result "1-0"]
[WhiteElo "1778"]
[BlackElo "1639"]
[PlyCount "63"]
[EventDate "2013.10.23"]
[EventType "tourn (corr)"]
[EventRounds "6"]
[EventCountry "GER"]
[SourceTitle "Corr 2015"]
[Source "ChessBase"]
[SourceDate "2015.07.17"]
[SourceVersion "1"]
[SourceVersionDate "2015.07.17"]
[SourceQuality "1"]

1. d4 Nf6 2. Nf3 e6 3. c4 b6 4. e3 Bb7 5. Bd3 d5 6. cxd5 exd5 7. 0-0 Bd6 8. b3 Qe7 9. Nc3 a6 10. Bb2 Nbd7 11. Bf5 0-0 12. Re1 g6 13. Bd3 c5 14. Rc1 Rac8 15. Bf1 Rfe8 16. g3 b5 17. dxc5 Bxc5 18. Bh3 Qd6 19. Re2 Rc7 20. Rec2 Bb6 21. Ne2 Rxc2 22. Rxc2 Ne4 23. Bd4 Bxd4 24. Qxd4 Ndc5 25. Nf4 f5 26. g4 fxg4 27. Bxg4 Re7 28. h4 h6 29. b4 Nd7 30. Bxd7 Rxd7 31. Ne5 Rg7 32. Ng4 1-0

[Event "SD-2011-0-00115"]
[Site "LSS email"]
[Date "2011.09.27"]
[Round "?"]
[White "Michos, Dionyssios"]
[Black "Brzeszkiewicz, Edmund"]
[Result "0-1"]
[WhiteElo "1553"]
[BlackElo "1925"]
[PlyCount "86"]
[EventDate "2011.08.20"]
[EventType "tourn (corr)"]
[EventRounds "6"]
[EventCountry "GER"]
[SourceTitle "Telechess CBM 153"]
[Source "ChessBase"]
[SourceDate "2013.03.14"]
[SourceVersion "1"]
[SourceVersionDate "2013.03.14"]
[SourceQuality "1"]

1. e4 e5 2. Nf3 Nc6 3. Bb5 a6 4. Bxc6 dxc6 5. 0-0 f6 6. d4 Bg4 7. c3 Bd6 8. Be3 Qe7 9. Nbd2 0-0-0 10. Qc2 exd4 11. cxd4 Re8 12. Rfc1 Bxf3 13. gxf3 Nh6 14. Nc4 Nf7 15. Bd2 g5 16. Ne3 Qd7 17. Nf5 Kb8 18. a4 Bf4 19. Bxf4 gxf4 20. Kh1 Ng5 21. Qb3 Reg8 22. Rg1 Qe8 23. Rae1 Nh3 24. Rg2 Rg6 25. Nh4 Rg5 26. Rxg5 fxg5 27. Nf5 g4 28. fxg4 Nxf2+ 29. Kg2 Nxg4 30. Qf3 Rg8 31. Kh1 c5 32. dxc5 Ne5 33. Qd1 f3 34. Rf1 Qh5 35. c6 Qh3 36. Rf2 Ng4 37. Qxf3 Nxf2+ 38. Qxf2 Qg4 39. Ng3 h5 40. Qe2 h4 41. Qxg4 Rxg4 42. Nf5 Rxe4 43. Kg2 Rxa4 0-1

[Event "SD-2011-0-00094"]
[Site "LSS email"]
[Date "2011.04.23"]
[Round "?"]
[White "Boni, Roberto"]
[Black "Michos, Dionyssios"]
[Result "1/2-1/2"]
[WhiteElo "1509"]
[BlackElo "1571"]
[PlyCount "86"]
[EventDate "2011.03.20"]
[EventType "tourn (corr)"]
[EventRounds "6"]
[EventCountry "GER"]
[SourceTitle "Telechess CBM 157"]
[Source "ChessBase"]
[SourceDate "2013.11.12"]
[SourceVersion "1"]
[SourceVersionDate "2013.11.12"]
[SourceQuality "1"]

1. Nf3 d5 2. c4 e6 3. d4 Nf6 4. Nc3 dxc4 5. e4 Bb4 6. Bg5 c5 7. Bxc4 cxd4 8. Nxd4 Bxc3+ 9. bxc3 Qa5 10. Bb5+ Bd7 11. Bxf6 gxf6 12. Bxd7+ Nxd7 13. 0-0 a6 14. Rb1 Qc7 15. Qh5 Nc5 16. Rb4 Qe5 17. Qh4 Qg5 18. Qh3 Qe5 19. Qh4 Qg5 20. Qh3 Qe5 21. Nb3 Nxe4 22. Re1 f5 23. Qe3 Rg8 24. Rxb7 Qd5 25. Qb6 Rxg2+ 26. Kxg2 Nc5+ 27. f3 Nxb7 28. c4 Qd7 29. Re2 Nd6 30. Qd4 0-0-0 31. Rc2 Nb7 32. Qg7 Qd3 33. Rf2 Qxc4 34. Qxf7 Rd7 35. Qf8+ Kc7 36. Qf6 Kb8 37. Qb2 Rd8 38. Na5 Rg8+ 39. Kh3 Qd5 40. Nxb7 Qxb7 41. Qe5+ Ka7 42. Qxe6 Rg6 43. Qe3+ Ka8 1/2-1/2

[Event "SD-2011-0-00094"]
[Site "LSS email"]
[Date "2011.04.23"]
[Round "?"]
[White "Koziol, Pawel"]
[Black "Michos, Dionyssios"]
[Result "0-1"]
[WhiteElo "1549"]
[BlackElo "1571"]
[PlyCount "72"]
[EventDate "2011.03.20"]
[EventType "tourn (corr)"]
[EventRounds "6"]
[EventCountry "GER"]
[SourceTitle "Telechess CBM 157"]
[Source "ChessBase"]
[SourceDate "2013.11.12"]
[SourceVersion "1"]
[SourceVersionDate "2013.11.12"]
[SourceQuality "1"]

1. e4 c5 2. Nf3 d6 3. d4 cxd4 4. Nxd4 Nf6 5. Nc3 a6 6. Be3 e5 7. Nb3 Be6 8. f3 Be7 9. Qd2 0-0 10. 0-0-0 Nbd7 11. g4 b5 12. Kb1 b4 13. Nd5 Bxd5 14. exd5 Nb6 15. Qxb4 Nbxd5 16. Qd2 Nxe3 17. Qxe3 a5 18. a3 Qc7 19. g5 Nh5 20. Bd3 Nf4 21. h4 g6 22. Be4 Rab8 23. Nc1 a4 24. h5 Nxh5 25. Nd3 Nf4 26. Nxf4 exf4 27. Qd4 Bxg5 28. Rd2 Qb6 29. Rhd1 Qb5 30. c4 Qa5 31. Rh2 Rb3 32. Ka2 Rfb8 33. Qxd6 R3b6 34. Qd2 Rxb2+ 35. Qxb2 Rxb2+ 36. Rxb2 Qc3 0-1

[Event "SD-2011-0-00094"]
[Site "LSS email"]
[Date "2011.04.23"]
[Round "?"]
[White "Michos, Dionyssios"]
[Black "Casser, Aaron"]
[Result "1-0"]
[WhiteElo "1571"]
[BlackElo "1451"]
[PlyCount "125"]
[EventDate "2011.03.20"]
[EventType "tourn (corr)"]
[EventRounds "6"]
[EventCountry "GER"]
[SourceTitle "Telechess CBM 157"]
[Source "ChessBase"]
[SourceDate "2013.11.12"]
[SourceVersion "1"]
[SourceVersionDate "2013.11.12"]
[SourceQuality "1"]

1. e4 e6 2. d4 d5 3. Nc3 Nf6 4. e5 Nfd7 5. f4 c5 6. Nf3 Nc6 7. Be3 Qb6 8. Na4 Qa5+ 9. c3 b6 10. Bd2 c4 11. b4 Nxb4 12. cxb4 Bxb4 13. Qc2 Bxd2+ 14. Nxd2 b5 15. Nc3 b4 16. Nd1 Ba6 17. Be2 Rc8 18. 0-0 0-0 19. Nf3 f6 20. exf6 Rxf6 21. g3 Bb5 22. Ng5 Nf8 23. Nf2 Ba4 24. Qc1 h6 25. Nf3 c3 26. Bd3 Bb5 27. Re1 Bxd3 28. Nxd3 Ng6 29. Rb1 Rc4 30. Qc2 Qb6 31. a3 a5 32. Kh1 Qb5 33. Rec1 Kh8 34. Rb3 e5 35. Ndxe5 Nxe5 36. Nxe5 Qb7 37. Rbb1 Rc8 38. Qa4 Rb6 39. Qxa5 Ra8 40. Qc5 Rxa3 41. Nd3 Ra4 42. Rxc3 bxc3 43. Rxb6 Ra1+ 44. Kg2 Ra2+ 45. Nf2 Qa8 46. Qxc3 Qe8 47. Qd3 Re2 48. Rd6 Qe7 49. Rxd5 Qb7 50. Qxe2 Qxd5+ 51. Qe4 Qd6 52. d5 Kg8 53. Qe6+ Qxe6 54. dxe6 Kf8 55. f5 Ke7 56. Ne4 h5 57. Kh3 Ke8 58. Kh4 Ke7 59. Kxh5 Ke8 60. Kg6 Kf8 61. e7+ Kxe7 62. Kxg7 Ke8 63. f6 1-0

[Event "SD-2011-0-00094"]
[Site "LSS email"]
[Date "2011.04.23"]
[Round "?"]
[White "Tsuprik, Aleksandr"]
[Black "Michos, Dionyssios"]
[Result "0-1"]
[WhiteElo "1294"]
[BlackElo "1571"]
[PlyCount "48"]
[EventDate "2011.03.20"]
[EventType "tourn (corr)"]
[EventRounds "6"]
[EventCountry "GER"]
[SourceTitle "Telechess CBM 157"]
[Source "ChessBase"]
[SourceDate "2013.11.12"]
[SourceVersion "1"]
[SourceVersionDate "2013.11.12"]
[SourceQuality "1"]

1. e4 e5 2. Nf3 Nc6 3. Bb5 a6 4. Ba4 Nf6 5. 0-0 Be7 6. Re1 b5 7. Bb3 d6 8. c3 0-0 9. h3 Na5 10. Bc2 c5 11. d4 Qc7 12. Nbd2 cxd4 13. cxd4 Nc6 14. d5 Nb4 15. Bb1 a5 16. a3 Na6 17. b3 Nc5 18. Bb2 Bd7 19. Bc2 Rfc8 20. b4 axb4 21. axb4 Na6 22. Bd3 Nxb4 23. Rc1 Qxc1 24. Bxc1 Nxd3 0-1

[Event "LSS SD-2010-0-00076"]
[Site "LSS email"]
[Date "2010.12.02"]
[Round "?"]
[White "Michos, Dionyssios"]
[Black "Metz, Larry R"]
[Result "1/2-1/2"]
[WhiteElo "1528"]
[BlackElo "1421"]
[PlyCount "68"]
[EventDate "2010.10.28"]
[EventType "tourn (corr)"]
[EventRounds "6"]
[EventCountry "GER"]
[SourceTitle "Telechess CBM 151"]
[Source "ChessBase"]
[SourceDate "2012.11.13"]
[SourceVersion "1"]
[SourceVersionDate "2012.11.13"]
[SourceQuality "1"]

1. e4 e5 2. Nf3 Nc6 3. d4 exd4 4. Nxd4 Bc5 5. Nxc6 Qf6 6. Qd2 Qxc6 7. Bd3 Nf6 8. 0-0 0-0 9. b4 Bb6 10. e5 Ng4 11. Qf4 d6 12. exd6 Qxd6 13. Qxd6 cxd6 14. Bf4 Be6 15. Na3 Ne5 16. Nb5 Nxd3 17. cxd3 d5 18. Be3 Bd8 19. Rfc1 Bf6 20. d4 Rfd8 21. Nc7 Rac8 22. Rc3 Rd7 23. Rac1 Rf8 24. Nxe6 fxe6 25. f4 Be7 26. a3 Bd6 27. g3 a6 28. Bd2 Kf7 29. h3 Kg6 30. Kg2 h5 31. h4 Kf5 32. R1c2 Rff7 33. Re3 Rc7 34. Bc3 Rc4 1/2-1/2

[Event "LSS SD-2010-0-00076"]
[Site "LSS email"]
[Date "2010.12.02"]
[Round "?"]
[White "Michos, Dionyssios"]
[Black "Sukhanitskij, Stanislav"]
[Result "1/2-1/2"]
[WhiteElo "1528"]
[BlackElo "1589"]
[PlyCount "71"]
[EventDate "2010.10.28"]
[EventType "tourn (corr)"]
[EventRounds "6"]
[EventCountry "GER"]
[SourceTitle "Telechess CBM 151"]
[Source "ChessBase"]
[SourceDate "2012.11.13"]
[SourceVersion "1"]
[SourceVersionDate "2012.11.13"]
[SourceQuality "1"]

1. e4 e5 2. Nf3 Nf6 3. Nxe5 d6 4. Nf3 Nxe4 5. d4 d5 6. Bd3 Nc6 7. 0-0 Be7 8. c4 Nb4 9. Be2 0-0 10. Nc3 Be6 11. Be3 Bf5 12. Rc1 dxc4 13. Bxc4 c6 14. Ne5 Nxc3 15. bxc3 Nd5 16. Qf3 Be6 17. Bd2 Re8 18. Rfe1 Bg5 19. Bxg5 Qxg5 20. Nd3 Rad8 21. Re5 Qd2 22. Bb3 g6 23. Re2 Qh6 24. Rce1 Nxc3 25. Rxe6 fxe6 26. Ne5 Nd5 27. Qf7+ Kh8 28. Qxb7 Qd2 29. Rd1 Rb8 30. Qxc6 Qf4 31. g3 Qf5 32. Re1 Rbc8 33. Qd7 Rf8 34. f3 Rc7 35. Qd6 Rfc8 36. h4 1/2-1/2

[Event "LSS SD-2010-0-00058"]
[Site "LSS email"]
[Date "2010.05.26"]
[Round "?"]
[White "Hargreaves, John Richard"]
[Black "Michos, Dionyssios"]
[Result "0-1"]
[WhiteElo "1451"]
[BlackElo "1543"]
[PlyCount "98"]
[EventDate "2010.04.17"]
[EventType "tourn (corr)"]
[EventRounds "6"]
[EventCountry "GER"]
[SourceTitle "Corr 2013"]
[Source "ChessBase"]
[SourceDate "2012.11.12"]
[SourceVersion "1"]
[SourceVersionDate "2012.11.12"]
[SourceQuality "1"]
[WhiteTeam "US of America"]
[BlackTeam "US of America"]
[WhiteTeamCountry "USA"]
[BlackTeamCountry "USA"]

1. c4 e5 2. e3 Nf6 3. Nc3 Bb4 4. g4 h6 5. Bg2 Nc6 6. h3 d6 7. Nge2 0-0 8. a3 Bxc3 9. Nxc3 Be6 10. d3 d5 11. cxd5 Nxd5 12. Ne4 b6 13. b4 a5 14. b5 Na7 15. Bb2 f6 16. a4 c6 17. bxc6 Nxc6 18. 0-0 Rc8 19. Rc1 Qd7 20. d4 exd4 21. Bxd4 Ncb4 22. Nc3 Nxc3 23. Rxc3 b5 24. Bc5 Qxd1 25. Rxd1 bxa4 26. Rcc1 Rfe8 27. Bb6 Rxc1 28. Rxc1 a3 29. Bd4 a2 30. Bf1 Rc8 31. Rxc8+ Bxc8 32. Bc4+ Kh7 33. f3 Bb7 34. Kf2 Bd5 35. Bxd5 Nxd5 36. Ke2 Kg6 37. f4 Kf7 38. f5 Ke7 39. Kd2 Kd6 40. Ba1 Nb4 41. e4 Na6 42. Kc2 Nc5 43. e5+ fxe5 44. Kb2 e4 45. Kxa2 e3 46. Bc3 e2 47. Bxa5 Nd3 48. Kb3 e1Q 49. Bxe1 Nxe1 0-1

[Event "LSS SD-2009-0-00050"]
[Site "LSS email"]
[Date "2010.02.08"]
[Round "?"]
[White "Metz, Larry R"]
[Black "Michos, Dionyssios"]
[Result "0-1"]
[WhiteElo "1484"]
[BlackElo "1565"]
[PlyCount "62"]
[EventDate "2009.12.23"]
[EventType "tourn (corr)"]
[EventRounds "6"]
[EventCountry "GER"]
[SourceTitle "Telechess CBM 141"]
[Source "ChessBase"]
[SourceDate "2011.03.17"]
[SourceVersion "1"]
[SourceVersionDate "2011.03.17"]
[SourceQuality "1"]

1. e4 c5 2. Nf3 Nc6 3. d4 cxd4 4. Nxd4 Nf6 5. Nc3 d6 6. Bc4 Qb6 7. Nxc6 bxc6 8. 0-0 g6 9. e5 dxe5 10. Qe2 Qd4 11. Be3 Qd6 12. Rad1 Qc7 13. Bc5 Bg7 14. f4 Nd7 15. Ba3 Nb6 16. Bb3 0-0 17. Rfe1 a5 18. Na4 Nxa4 19. Bxa4 Ba6 20. c4 Rfd8 21. fxe5 Rxd1 22. Bxd1 Rd8 23. Bc2 Rd5 24. e6 Bd4+ 25. Kh1 f5 26. b3 c5 27. Qd2 Rd8 28. Bc1 Be5 29. Qg5 Rd4 30. h3 Bf6 31. Qe3 Bb7 0-1

[Event "LSS SD-2009-0-00050"]
[Site "LSS email"]
[Date "2010.02.07"]
[Round "?"]
[White "Michos, Dionyssios"]
[Black "Billion, Paul"]
[Result "1-0"]
[WhiteElo "1533"]
[BlackElo "861"]
[PlyCount "67"]
[EventDate "2009.12.23"]
[EventType "tourn (corr)"]
[EventRounds "6"]
[EventCountry "GER"]
[SourceTitle "Corr 2013"]
[Source "ChessBase"]
[SourceDate "2012.11.12"]
[SourceVersion "1"]
[SourceVersionDate "2012.11.12"]
[SourceQuality "1"]
[WhiteTeam "US of America"]
[BlackTeam "US of America"]
[WhiteTeamCountry "USA"]
[BlackTeamCountry "USA"]

1. e4 e5 2. Nf3 Nc6 3. d4 exd4 4. Nxd4 Bc5 5. Be3 Nf6 6. Nxc6 bxc6 7. Bxc5 d6 8. Bd4 0-0 9. Bd3 Bb7 10. Nc3 Re8 11. 0-0 c5 12. Bxf6 Qxf6 13. Qg4 Re6 14. Bc4 Re5 15. Nd5 Bxd5 16. Bxd5 Rb8 17. b3 Rg5 18. Qd7 Rf8 19. Qxc7 Qg6 20. g3 Rh5 21. f4 Rh3 22. Rf2 Rh6 23. Qxa7 Qf6 24. Rd1 Qc3 25. e5 Rh3 26. e6 Rxg3+ 27. hxg3 Qxg3+ 28. Rg2 Qe3+ 29. Kf1 Qxf4+ 30. Rf2 Qg4 31. Re1 Qh3+ 32. Bg2 Qh5 33. exf7+ Kh8 34. Qe7 1-0

[Event "LSS SD-2009-0-00041"]
[Site "LSS email"]
[Date "2009.11.18"]
[Round "?"]
[White "Khlopov, Sergej"]
[Black "Michos, Dionyssios"]
[Result "1/2-1/2"]
[WhiteElo "1606"]
[BlackElo "1534"]
[PlyCount "63"]
[EventDate "2009.09.25"]
[EventType "tourn (corr)"]
[EventRounds "6"]
[EventCountry "GER"]
[SourceTitle "Telechess CBM 137"]
[Source "ChessBase"]
[SourceDate "2010.07.15"]
[SourceVersion "1"]
[SourceVersionDate "2010.07.15"]
[SourceQuality "1"]

1. e4 e5 2. Nf3 Nc6 3. Bb5 a6 4. Ba4 Nf6 5. 0-0 Be7 6. Re1 b5 7. Bb3 d6 8. c3 0-0 9. h3 Na5 10. Bc2 c5 11. d4 Qc7 12. Nbd2 cxd4 13. cxd4 Nc6 14. Nb3 a5 15. Be3 a4 16. Nbd2 Bd7 17. Rc1 Qb7 18. Qe2 Rfe8 19. a3 Rab8 20. Bd3 exd4 21. Nxd4 Ne5 22. Bb1 Bd8 23. N4f3 Bc6 24. Nxe5 dxe5 25. b4 Nxe4 26. Bxe4 Bxe4 27. Nxe4 Qxe4 28. Rc5 Qb7 29. Rd1 Be7 30. Rxe5 Bf6 31. Rc5 Be7 32. Rcd5 1/2-1/2

[Event "LSS SD-2009-0-00041"]
[Site "LSS email"]
[Date "2009.11.14"]
[Round "?"]
[White "Michos, Dionyssios"]
[Black "Sadler, Kirk"]
[Result "1-0"]
[WhiteElo "1555"]
[BlackElo "1531"]
[PlyCount "51"]
[EventDate "2009.09.25"]
[EventType "tourn (corr)"]
[EventRounds "6"]
[EventCountry "GER"]
[SourceTitle "Telechess CBM 141"]
[Source "ChessBase"]
[SourceDate "2011.03.17"]
[SourceVersion "1"]
[SourceVersionDate "2011.03.17"]
[SourceQuality "1"]

1. e4 Nf6 2. e5 Nd5 3. d4 d6 4. Nf3 dxe5 5. Nxe5 c6 6. Bc4 Nd7 7. Nf3 N7b6 8. Bb3 Bg4 9. h3 Bh5 10. 0-0 e6 11. c4 Nf6 12. Nc3 Bxf3 13. Qxf3 Qxd4 14. Rd1 Qe5 15. Bf4 Qf5 16. g4 Qa5 17. g5 Nfd7 18. Ne4 Be7 19. Bd6 h6 20. c5 Nd5 21. g6 f5 22. Bxe7 Kxe7 23. Nd6 Qxc5 24. Nxf5+ exf5 25. Bxd5 cxd5 26. Rxd5 1-0

[Event "LSS No Engine Cup Gr10 prel 04 email"]
[Site "LSS email"]
[Date "2009.11.13"]
[Round "?"]
[White "Michos, Dionyssios"]
[Black "Molano Lafuente, Ismael"]
[Result "1-0"]
[WhiteElo "1532"]
[BlackElo "1300"]
[PlyCount "99"]
[EventDate "2009.11.14"]
[EventType "tourn (corr)"]
[EventRounds "6"]
[EventCountry "GER"]
[SourceTitle "Telechess CBM 137"]
[Source "ChessBase"]
[SourceDate "2010.07.15"]
[SourceVersion "1"]
[SourceVersionDate "2010.07.15"]
[SourceQuality "1"]

1. d4 Nf6 2. c4 e6 3. Nc3 Bb4 4. Nf3 Nc6 5. Qc2 d6 6. Bd2 0-0 7. a3 Bxc3 8. Bxc3 Qe7 9. e3 e5 10. d5 Nb8 11. Nd2 Nbd7 12. Be2 a5 13. b3 c6 14. dxc6 bxc6 15. 0-0 e4 16. a4 Nc5 17. Rfb1 Bf5 18. b4 axb4 19. Rxb4 Nfd7 20. a5 Qg5 21. Nf1 Rfe8 22. Rbb1 Bg4 23. Bxg4 Qxg4 24. Ng3 Qe6 25. Bd4 h6 26. Nh5 f6 27. Nf4 Qf7 28. Ne2 Ra6 29. Ng3 Qe6 30. Bxc5 Nxc5 31. Rb6 Qe5 32. Qb1 Rea8 33. Rxa6 Rxa6 34. Ra3 f5 35. h3 Nd3 36. Qb7 Rxa5 37. Rxa5 Qxa5 38. Qxc6 Kh7 39. Qxd6 Qe1+ 40. Kh2 Qxf2 41. Qd5 Ne1 42. Qxf5+ Qxf5 43. Nxf5 Nd3 44. g4 Kg6 45. Kg3 Kf6 46. Kh4 Nc5 47. Ng3 g6 48. g5+ hxg5+ 49. Kg4 Nd3 50. Nxe4+ 1-0

[Event "LSS No Engine Cup 10 Preliminary 4"]
[Site "LSS email"]
[Date "2009.11.13"]
[Round "?"]
[White "Michos, Dionyssios"]
[Black "Ottenweller, Wolfgang"]
[Result "1/2-1/2"]
[WhiteElo "1533"]
[BlackElo "1676"]
[PlyCount "126"]
[EventDate "2009.11.14"]
[EventType "tourn (corr)"]
[EventRounds "6"]
[EventCountry "GER"]
[SourceTitle "Corr 2013"]
[Source "ChessBase"]
[SourceDate "2012.11.12"]
[SourceVersion "1"]
[SourceVersionDate "2012.11.12"]
[SourceQuality "1"]

1. e4 c5 2. Nf3 Nc6 3. d4 cxd4 4. Nxd4 e5 5. Nb5 d6 6. N1c3 a6 7. Na3 b5 8. Nd5 Nf6 9. Bg5 Be7 10. Bxf6 Bxf6 11. c3 0-0 12. Nc2 Bh4 13. g3 Bg5 14. Bg2 Rb8 15. 0-0 Ne7 16. Ncb4 Nxd5 17. exd5 Qb6 18. a4 Bd7 19. Nc6 Ra8 20. Qb3 Qc5 21. Qa3 Qxa3 22. Rxa3 bxa4 23. Rxa4 f5 24. h4 Bh6 25. Rfa1 f4 26. Rxa6 Rxa6 27. Rxa6 fxg3 28. fxg3 Be3+ 29. Kh2 g5 30. hxg5 Bxg5 31. b4 Rf6 32. b5 Be3 33. Ra4 Kg7 34. Rh4 Bb6 35. Kh1 Rf2 36. c4 h6 37. Nb8 Be8 38. Rg4+ Kf6 39. Rg8 Bf7 40. Rc8 Kg5 41. Rc6 Bd4 42. Rc8 Kg4 43. Kh2 e4 44. Nc6 Bb6 45. Nd8 Bg6 46. Nc6 e3 47. Rg8 Kg5 48. Ne7 Kf6 49. Rxg6+ Kxe7 50. Re6+ Kd7 51. g4 Bd4 52. Re4 Be5+ 53. Kg1 Rd2 54. Bf1 Kc7 55. c5 Rxd5 56. cxd6+ Kxd6 57. b6 Rd2 58. b7 Rb2 59. Bc4 Rxb7 60. Kg2 Rb4 61. Kf3 Bb2 62. Kxe3 Kc5 63. Bf7 Bd4+ 1/2-1/2

[Event "IECG CD.2007.0.00121 email"]
[Site "IECG email"]
[Date "2007.09.23"]
[Round "?"]
[White "Casser, Aaron"]
[Black "Michos, Dionyssios"]
[Result "1/2-1/2"]
[WhiteElo "1587"]
[BlackElo "1527"]
[PlyCount "82"]
[EventDate "2007.09.23"]
[EventType "tourn (corr)"]
[EventRounds "5"]
[SourceTitle "Corr 2024"]
[Source "ChessBase"]
[SourceDate "2023.10.19"]
[SourceVersion "1"]
[SourceVersionDate "2023.10.19"]
[SourceQuality "1"]

1. e4 c5 2. Nf3 e6 3. d4 cxd4 4. Nxd4 Nf6 5. Nc3 Nc6 6. Nxc6 bxc6 7. e5 Nd5 8. Ne4 Qc7 9. f4 Qb6 10. c3 Be7 11. Be2 Ba6 12. Bxa6 Qxa6 13. Qe2 Qxe2+ 14. Kxe2 f5 15. Nf2 0-0 16. c4 Nb6 17. b3 c5 18. Ba3 Rfc8 19. Rhd1 a5 20. Nd3 a4 21. Bb2 Rc7 22. g3 Rca7 23. h3 Nc8 24. Kd2 Rb8 25. Kc3 axb3 26. axb3 Rab7 27. Ra3 d5 28. Rda1 g6 29. R1a2 Rb4 30. Kc2 R4b6 31. Bc1 Kf7 32. Be3 d4 33. Bc1 h5 34. h4 Ke8 35. Bd2 Kd7 36. Ra1 R8b7 37. Bc1 Bf8 38. Bb2 Kc7 39. R1a2 Kd8 40. Ra1 Be7 41. Bc1 Kc7 1/2-1/2

[Event "IECG WC.2011.P.00005 email"]
[Site "IECG email"]
[Date "2007.04.04"]
[Round "?"]
[White "Pivirotto, Filiberto"]
[Black "Michos, Dionyssios"]
[Result "0-1"]
[WhiteElo "1560"]
[BlackElo "1540"]
[PlyCount "76"]
[EventDate "2007.04.04"]
[EventType "tourn (corr)"]
[EventRounds "6"]
[SourceTitle "Corr 2011"]
[Source "ChessBase"]
[SourceDate "2010.08.31"]
[SourceVersion "1"]
[SourceVersionDate "2010.08.31"]
[SourceQuality "1"]

1. b3 e5 2. Bb2 Nc6 3. e3 Nf6 4. Bb5 d6 5. Nf3 Be7 6. d4 e4 7. Nfd2 0-0 8. 0-0 Bg4 9. Be2 Bxe2 10. Qxe2 d5 11. a3 Nb8 12. c4 c6 13. c5 Qc8 14. b4 Bd8 15. Rc1 Bc7 16. a4 h5 17. h3 h4 18. b5 Qd8 19. Nb3 Nbd7 20. a5 cxb5 21. Qxb5 a6 22. Qb4 Qc8 23. Nc3 Nb8 24. Na4 Nc6 25. Qe1 Qf5 26. Bc3 g5 27. Qe2 g4 28. hxg4 Nxg4 29. Nb6 Rad8 30. Nd2 h3 31. gxh3 Nh2 32. Kg2 Kh7 33. Nf1 Rg8+ 34. Ng3 Bxg3 35. fxg3 Rxg3+ 36. Kxg3 Nf3 37. Rh1 Rg8+ 38. Kf2 Nfxd4+ 0-1